[Event "Elit(Solna-LASK)"]
[Site "?"]
[Date "2003.??.??"]
[Round "1"]
[White "Bjarnehag, Peter"]
[Black "Ikonic, Borislav"]
[Result "0-1"]
[WhiteElo "2221"]
[BlackElo "2280"]
[PlyCount "70"]
[EventDate "2003.??.??"]

1. Nf3 Nf6 2. c4 e6 3. g3 b6 4. Bg2 Bb7 5. O-O c5 6. Nc3 Be7 7. d4 cxd4 8. Qxd4
O-O 9. Rd1 Nc6 10. Qf4 d6 11. b3 Qb8 12. Bb2 Rd8 13. Rac1 a6 14. Rd2 Ra7 15.
Rcd1 Ba8 16. Ng5 h6 17. Nge4 Ne8 18. g4 Ne5 19. g5 Ng6 20. Qg3 hxg5 21. Nxg5
Bxg2 22. Kxg2 Nf8 23. f3 b5 24. Qf4 f6 25. Nh3 bxc4 26. Qxc4 d5 27. Qh4 Rad7
28. Qh5 Bb4 29. Rd4 g6 30. Qg4 Bxc3 31. Bxc3 e5 32. Rb4 Qc8 33. Rc1 Rc7 34. Bd2
Rxc1 35. Bxc1 Qxc1 0-1

[Event "Elit(Solna-LASK)"]
[Site "?"]
[Date "2003.??.??"]
[Round "1"]
[White "Johansson, Toni"]
[Black "Bouaziz, Nejib"]
[Result "1/2-1/2"]
[WhiteElo "2180"]
[BlackElo "2198"]
[PlyCount "56"]
[EventDate "2003.??.??"]

1. e4 e5 2. Bc4 Nf6 3. d3 Be7 4. Nc3 d6 5. f4 c6 6. Nf3 exf4 7. Bxf4 d5 8. exd5
cxd5 9. Bb3 O-O 10. O-O Nc6 11. a3 Bg4 12. Ne2 Rc8 13. Kh1 Qb6 14. h3 Be6 15.
Qd2 Na5 16. Ba2 Nc6 17. c3 a5 18. Ned4 Nxd4 19. Nxd4 Nh5 20. Bh2 Bd6 21. Qf2
Bxh2 22. Kxh2 Qd6+ 23. Kg1 Rce8 24. Rae1 Nf6 25. Re3 Bd7 26. Rf3 Qe5 27. Qh4
Kh8 28. Qf2 Re7 1/2-1/2

[Event "Elit(Farsta-Limhamn)"]
[Site "?"]
[Date "2003.??.??"]
[Round "1"]
[White "Hector, Jonny"]
[Black "Lindberg, Bengt"]
[Result "1-0"]
[WhiteElo "2613"]
[BlackElo "2515"]
[PlyCount "113"]
[EventDate "2003.??.??"]

1. d4 Nf6 2. Nc3 d5 3. Bg5 Nbd7 4. Qd3 h6 5. Bf4 c6 6. g4 g5 7. Bg3 Qa5 8. a3
e6 9. Rb1 b5 10. h4 b4 11. axb4 Bxb4 12. f3 Ba6 13. Qd2 c5 14. e3 cxd4 15. exd4
Rc8 16. Kf2 Bxf1 17. Kxf1 Bxc3 18. bxc3 Rg8 19. hxg5 hxg5 20. Ne2 Nb6 21. Rh6
Ke7 22. Qc1 Nc4 23. Rb7+ Nd7 24. Kf2 Nd6 25. Bxd6+ Kxd6 26. Rh7 Ke7 27. Rxf7+
Kxf7 28. Rxd7+ Ke8 29. Rb7 Qa6 30. Rh7 Rb8 31. Qe3 Qd6 32. Rxa7 Rb1 33. Rh7 Rg7
34. Rh6 Kd7 35. Qe5 Qxe5 36. dxe5 Rb6 37. Ke3 Rc6 38. Kd3 Ra6 39. Rh8 Rf7 40.
Nd4 Rg7 41. Rh6 Rg8 42. Rh7+ Kc8 43. Re7 Rg6 44. c4 Kd8 45. Rb7 Kc8 46. Rh7
dxc4+ 47. Kxc4 Rg8 48. Kb5 Ra2 49. Re7 Rd8 50. c3 Rd5+ 51. Kb6 Rd7 52. Re8+ Rd8
53. Rxe6 Kd7 54. Rd6+ Ke8 55. Rg6 Rb8+ 56. Kc7 Rbb2 57. e6 1-0

[Event "Elit(Farsta-Limhamn)"]
[Site "?"]
[Date "2003.??.??"]
[Round "1"]
[White "Degerman, Lars"]
[Black "Hellsten, Johan"]
[Result "1/2-1/2"]
[WhiteElo "2515"]
[BlackElo "2576"]
[PlyCount "68"]
[EventDate "2003.??.??"]

1. e4 c5 2. Nf3 e6 3. c4 Nc6 4. Nc3 Nf6 5. Be2 b6 6. d4 cxd4 7. Nxd4 Bb7 8. O-O
Qb8 9. Be3 Bb4 10. f3 Nxd4 11. Qxd4 Bc5 12. Qd3 O-O 13. Rad1 Bc6 14. f4 Rd8 15.
e5 Ne8 16. Bf3 Bxf3 17. Rxf3 d6 18. Bxc5 bxc5 19. b3 Qc7 20. Nb5 Qa5 21. Nxd6
Qxa2 22. f5 Qb2 23. Qe4 Rab8 24. Rdd3 Nxd6 25. exd6 Qf6 26. d7 h6 27. Qc6 Qa1+
28. Rf1 Qe5 29. fxe6 Qxe6 30. Qc7 Qb6 31. Qf4 Qe6 32. Qc7 Qb6 33. Qe5 Qe6 34.
Qc7 Qb6 1/2-1/2

[Event "Elit(Farsta-Limhamn)"]
[Site "?"]
[Date "2003.??.??"]
[Round "1"]
[White "Brynell, Stellan"]
[Black "Berg, Klaus"]
[Result "1-0"]
[WhiteElo "2567"]
[BlackElo "2489"]
[PlyCount "61"]
[EventDate "2003.??.??"]

1. e4 c6 2. d4 d5 3. exd5 cxd5 4. c4 Nf6 5. Nc3 e6 6. Nf3 Bb4 7. Bd3 dxc4 8.
Bxc4 O-O 9. O-O a6 10. a3 Bxc3 11. bxc3 b5 12. Bd3 Bb7 13. a4 Nbd7 14. axb5
axb5 15. Rxa8 Qxa8 16. Bxb5 Nb6 17. c4 Ne4 18. Qd3 Rd8 19. Bf4 Nc8 20. Bc7 Rf8
21. Ne5 Ned6 22. Nd7 Nxb5 23. cxb5 Re8 24. Qg3 Re7 25. Nf6+ Kh8 26. Be5 h6 27.
Nh5 f6 28. Nxf6 gxf6 29. Bxf6+ Kh7 30. Bxe7 Nxe7 31. Qc7 1-0

[Event "Elit(Farsta-Limhamn)"]
[Site "?"]
[Date "2003.??.??"]
[Round "1"]
[White "Ahlander, Bjorn"]
[Black "Backelin, Rickard"]
[Result "1/2-1/2"]
[WhiteElo "2488"]
[BlackElo "2381"]
[PlyCount "34"]
[EventDate "2003.??.??"]

1. d4 g6 2. c4 Bg7 3. Nf3 f5 4. g3 Nf6 5. Bg2 O-O 6. O-O d6 7. Nc3 Qe8 8. b3 h6
9. Bb2 c6 10. d5 Bd7 11. Re1 Na6 12. e4 Nxe4 13. Nd4 Nxc3 14. Bxc3 c5 15. Ne2
Bxc3 16. Nxc3 Qf7 17. Qd2 Qg7 1/2-1/2

[Event "Elit(Farsta-Limhamn)"]
[Site "?"]
[Date "2003.??.??"]
[Round "1"]
[White "Hjelm, Niclas"]
[Black "Eriksson, Magnus"]
[Result "1-0"]
[WhiteElo "2422"]
[BlackElo "2413"]
[PlyCount "49"]
[EventDate "2003.??.??"]

1. d4 Nf6 2. c4 g6 3. Nc3 d5 4. Bf4 Bg7 5. e3 c5 6. dxc5 Qa5 7. Rc1 dxc4 8.
Bxc4 O-O 9. Nf3 Qxc5 10. Bb3 Nc6 11. O-O Qa5 12. Qe2 Bf5 13. Rfd1 Ne4 14. Nxe4
Bxe4 15. Ng5 e5 16. Nxf7 exf4 17. Nd6+ Kh8 18. Nxe4 fxe3 19. fxe3 Rae8 20. Nd6
Re7 21. Rf1 Rxf1+ 22. Qxf1 Qd2 23. Nf7+ Kg8 24. Ng5+ Kh8 25. Qc4 1-0

[Event "Elit(Farsta-Limhamn)"]
[Site "?"]
[Date "2003.??.??"]
[Round "1"]
[White "Aagaard, Jacob"]
[Black "Ong, Kezli"]
[Result "1-0"]
[WhiteElo "2453"]
[BlackElo "2279"]
[PlyCount "57"]
[EventDate "2003.??.??"]

1. e4 e5 2. Nf3 Nc6 3. Bb5 a6 4. Ba4 Nf6 5. O-O Be7 6. Re1 b5 7. Bb3 d6 8. c3
O-O 9. h3 Na5 10. Bc2 c5 11. d4 Qc7 12. Nbd2 cxd4 13. cxd4 Bb7 14. Nf1 Rac8 15.
Bb1 exd4 16. Nxd4 Rfe8 17. Ng3 d5 18. e5 Bb4 19. Bf5 Bxe1 20. exf6 Qb6 21. Be3
Rxe3 22. fxe3 Bxg3 23. Qg4 Bf2+ 24. Kh1 Qxf6 25. Bxc8 h5 26. Qd7 Bxc8 27. Qxc8+
Kh7 28. Qc2+ g6 29. Rf1 1-0

[Event "Elit(Farsta-Limhamn)"]
[Site "?"]
[Date "2003.??.??"]
[Round "1"]
[White "Jaderberg, Bjorn"]
[Black "Carlsson, Daniel"]
[Result "1/2-1/2"]
[WhiteElo "2290"]
[BlackElo "2280"]
[PlyCount "86"]
[EventDate "2003.??.??"]

1. Nf3 Nf6 2. b3 g6 3. Bb2 Bg7 4. c4 O-O 5. g3 c6 6. Bg2 d5 7. cxd5 cxd5 8. O-O
Nc6 9. d4 Bf5 10. Nc3 Ne4 11. Nxe4 dxe4 12. Ne5 Nxe5 13. dxe5 Qa5 14. Qe1 Qb5
15. f4 exf3 16. exf3 Rac8 17. Rf2 Rfd8 18. f4 Bf8 19. Ba3 Qa6 20. Bb4 Rd4 21.
Kh1 Rcd8 22. h3 Qb5 23. Ba3 Be6 24. Kh2 Qa6 25. Bc5 R4d7 26. g4 b6 27. Bb4 Bd5
28. Rd1 Qb5 29. Bxd5 Rxd5 30. Rxd5 Rxd5 31. Qe4 a5 32. Ba3 Qd3 33. Qxd3 Rxd3
34. Kg2 e6 35. Bxf8 Kxf8 36. Rc2 h5 37. Rc8+ Kg7 38. Rb8 h4 39. Rxb6 Rg3+ 40.
Kh2 Rf3 41. Kg2 Rg3+ 42. Kh2 Rf3 43. Kg2 Rg3+ 1/2-1/2

[Event "Elit(Limhamn-SodraSASS)"]
[Site "?"]
[Date "2003.??.??"]
[Round "2"]
[White "Ornstein, Axel"]
[Black "Brynell, Stellan"]
[Result "1/2-1/2"]
[WhiteElo "2448"]
[BlackElo "2567"]
[PlyCount "76"]
[EventDate "2003.??.??"]

1. Nf3 d5 2. c4 d4 3. b4 f6 4. e3 e5 5. a3 c5 6. Bd3 dxe3 7. dxe3 cxb4 8. Qc2
g6 9. O-O Nc6 10. Rd1 Qc7 11. Be4 Bc5 12. Nbd2 bxa3 13. Bd5 Bf5 14. Qa4 Nge7
15. Nb3 Bc2 16. Rd2 Bxb3 17. Qxb3 Qb6 18. Qd1 Nxd5 19. cxd5 Nb8 20. Bxa3 Nd7
21. Qa4 Bxa3 22. Rxa3 Qd6 23. h4 O-O 24. Rc3 Rfc8 25. Rxc8+ Rxc8 26. Rd1 a6 27.
h5 Kg7 28. Nh4 f5 29. Nf3 Nc5 30. Qb4 b6 31. g4 fxg4 32. Qxg4 Rf8 33. Ng5 Qf6
34. h6+ Kg8 35. Qg2 Qd6 36. Qg4 Qf6 37. Qg2 Qd6 38. Qg4 Qf6 1/2-1/2

[Event "Elit(Limhamn-SodraSASS)"]
[Site "?"]
[Date "2003.??.??"]
[Round "2"]
[White "Welin, Thomas"]
[Black "Ahlander, Bjorn"]
[Result "0-1"]
[WhiteElo "2412"]
[BlackElo "2488"]
[PlyCount "78"]
[EventDate "2003.??.??"]

1. Nf3 Nf6 2. d4 e6 3. Bg5 h6 4. Bh4 b6 5. Nbd2 Bb7 6. e3 d6 7. Bd3 g5 8. Bg3
Nh5 9. e4 Bg7 10. c3 Nxg3 11. hxg3 c5 12. Bb5+ Ke7 13. dxc5 bxc5 14. Qe2 Qb6
15. e5 d5 16. O-O Nc6 17. Bxc6 Bxc6 18. Rfe1 Rhd8 19. Rab1 a5 20. Qe3 Rac8 21.
a3 Kf8 22. c4 a4 23. b4 axb3 24. Rxb3 Qa7 25. Reb1 Kg8 26. Ne1 Qa8 27. f4 g4
28. Nd3 Qa5 29. Kh2 Ba4 30. Rb7 Qc3 31. Rc1 Qa5 32. f5 Qa6 33. Rcb1 exf5 34.
Nf4 dxc4 35. e6 Be8 36. Nh5 Qxe6 37. Qxe6 fxe6 38. Rxg7+ Kh8 39. Rbb7 39...
Bxh5 {Tid} 0-1

[Event "Elit(Limhamn-SodraSASS)"]
[Site "?"]
[Date "2003.??.??"]
[Round "2"]
[White "Aagaard, Jacob"]
[Black "Alm, Hakan"]
[Result "1-0"]
[WhiteElo "2453"]
[BlackElo "2333"]
[PlyCount "91"]
[EventDate "2003.??.??"]

1. e4 Nf6 2. e5 Nd5 3. d4 d6 4. Nf3 Bg4 5. Be2 e6 6. O-O Be7 7. c4 Nb6 8. Nc3
O-O 9. h3 Bh5 10. Be3 d5 11. c5 Bxf3 12. gxf3 Nc8 13. f4 Bh4 14. f5 exf5 15. f4
Ne7 16. b4 Re8 17. Bd3 g6 18. Qb3 c6 19. Kh2 Kh8 20. Ne2 Nd7 21. Ng1 Ng8 22. b5
Ngf6 23. Nf3 Nh5 24. Rg1 Nf8 25. Qc2 Ne6 26. Bxf5 cxb5 27. Bd3 a6 28. Rg4 Bg3+
29. Rxg3 Nxg3 30. Kxg3 f5 31. Kh2 Rc8 32. Rg1 Rc6 33. Qd2 Qd7 34. Bf2 Rf8 35.
Bh4 Kg8 36. Bf6 Kf7 37. h4 Ke8 38. h5 Qf7 39. Bc2 g5 40. fxg5 Qxh5+ 41. Kg2 h6
42. Bxf5 hxg5 43. Kf2 Nf4 44. Rxg5 Nh3+ 45. Bxh3 Qxh3 46. Rg7 1-0

[Event "Elit(Limhamn-SodraSASS)"]
[Site "?"]
[Date "2003.??.??"]
[Round "2"]
[White "Lundvik, Jonas"]
[Black "Eriksson, Magnus"]
[Result "0-1"]
[WhiteElo "2296"]
[BlackElo "2413"]
[PlyCount "80"]
[EventDate "2003.??.??"]

1. d4 Nf6 2. Nf3 g6 3. g3 d5 4. Bg2 Bg7 5. c4 c6 6. O-O O-O 7. Qb3 Qb6 8. Qxb6
axb6 9. cxd5 Nxd5 10. Bd2 b5 11. Nc3 Nb6 12. b3 Bg4 13. Ne5 Be6 14. Ne4 N8d7
15. f4 f6 16. Nxd7 Nxd7 17. e3 Ra6 18. Bb4 Bd5 19. Nc5 Bxg2 20. Kxg2 Nxc5 21.
Bxc5 Rfa8 22. Rf2 f5 23. Bb4 Bf8 24. Kf3 e5 25. Bxf8 e4+ 26. Kg2 Kxf8 27. Rc2
Ke7 28. h3 Ra3 29. d5 cxd5 30. Rc5 Rxa2+ 31. Rxa2 Rxa2+ 32. Kf1 Kd6 33. Rxb5
Kc6 34. Rb4 Rd2 35. g4 Rd3 36. Ke2 b5 37. Rd4 Rxd4 38. exd4 fxg4 39. hxg4 h6
40. Kf2 Kd6 0-1

[Event "Elit(Limhamn-SodraSASS)"]
[Site "?"]
[Date "2003.??.??"]
[Round "2"]
[White "Carlsson, Daniel"]
[Black "Winge, Stefan"]
[Result "0-1"]
[WhiteElo "2280"]
[BlackElo "2279"]
[PlyCount "78"]
[EventDate "2003.??.??"]

1. e4 c5 2. Nf3 Nc6 3. d4 cxd4 4. Nxd4 Nf6 5. Nc3 e5 6. Ndb5 d6 7. Bg5 a6 8.
Na3 b5 9. Nd5 Be7 10. Bxf6 Bxf6 11. c3 O-O 12. Nc2 Rb8 13. Bd3 Bg5 14. h4 Be7
15. Nce3 Be6 16. Qf3 Qd7 17. g4 Bd8 18. Rd1 Ne7 19. h5 f6 20. h6 g6 21. Nxf6+
Rxf6 22. Qxf6 Nf5 23. Qxe6+ Qxe6 24. exf5 Qxa2 25. fxg6 hxg6 26. Be4 Qxb2 27.
Rxd6 Qxc3+ 28. Kf1 Bb6 29. Rxg6+ Kh8 30. Rxb6 Rxb6 31. g5 Qd4 32. Rh4 Rg6 33.
Rg4 Rxg5 34. Rxg5 Qxe4 35. Ng4 Qf4 36. Nxe5 Kh7 37. Rh5 b4 38. Kg2 b3 39. f3 b2
0-1

[Event "Elit(LASK-Passanten)"]
[Site "?"]
[Date "2003.??.??"]
[Round "2"]
[White "Cramling, Pia"]
[Black "Hall, Jesper"]
[Result "0-1"]
[WhiteElo "2568"]
[BlackElo "2514"]
[PlyCount "134"]
[EventDate "2003.??.??"]

1. d4 Nf6 2. Nf3 e6 3. c4 c5 4. d5 d6 5. Nc3 exd5 6. cxd5 g6 7. h3 a6 8. e4 b5
9. Bd3 Bg7 10. O-O O-O 11. Re1 Nbd7 12. Bf4 Qb6 13. a3 c4 14. Bc2 Bb7 15. Qd2
Rfe8 16. Be3 Qc7 17. Bd4 Ne5 18. Nh2 Nfd7 19. Qe3 Nc5 20. Ng4 Nxg4 21. hxg4
Bxd4 22. Qxd4 Qe7 23. Re3 Bc8 24. Rae1 Qe5 25. Qxe5 dxe5 26. g5 Rb8 27. Rd1 Rb6
28. d6 Rd8 29. Nd5 Rbxd6 30. Ne7+ Kf8 31. Rxd6 Rxd6 32. Nxc8 Rc6 33. Na7 Rc7
34. Nxb5 axb5 35. Kf1 Ne6 36. Rg3 Ke7 37. Ke1 Kd6 38. Kd2 Kc5 39. Kc3 Nf4 40.
Bd1 Rd7 41. Bg4 Rd4 42. Re3 Nxg2 43. Rh3 Rxe4 44. Bf3 Nf4 45. Rxh7 Nd5+ 46. Kd2
Rd4+ 47. Ke1 Rf4 48. Bh1 Nc7 49. Rh8 Rg4 50. Kf1 Rxg5 51. Rc8 Kd6 52. Rb8 Rh5
53. Rb6+ Ke7 54. Bc6 Rh3 55. Bxb5 Rb3 56. Rb7 Rxb5 57. Rxc7+ Ke6 58. Rxc4 Rxb2
59. Rc7 Ra2 60. Ra7 g5 61. Ra6+ Kf5 62. Kg2 g4 63. Ra7 f6 64. Kg3 Rb2 65. Ra6
Rb3+ 66. Kg2 Kg5 67. Ra5 Kf4 0-1

[Event "Elit(LASK-Passanten)"]
[Site "?"]
[Date "2003.??.??"]
[Round "2"]
[White "Tikkanen, Hans"]
[Black "Bellon Lopez, Juan"]
[Result "1-0"]
[WhiteElo "2418"]
[BlackElo "2556"]
[PlyCount "75"]
[EventDate "2003.??.??"]

1. d4 d5 2. c4 c6 3. Nc3 dxc4 4. e4 b5 5. a4 e5 6. dxe5 Qa5 7. Nf3 b4 8. Nb1
Ba6 9. Be3 Bc5 10. Bxc5 Qxc5 11. Nbd2 Nh6 12. Nxc4 Bxc4 13. Qc2 Ng4 14. Bxc4
Nxe5 15. Nxe5 Qxe5 16. O-O Nd7 17. Qd2 Qe7 18. e5 O-O 19. Rfe1 Nb6 20. Bb3 Rfd8
21. Qc2 Rac8 22. Rac1 Nd5 23. g3 g6 24. Qc5 Kf8 25. Re4 h5 26. h4 Rc7 27. Rd4
Rdd7 28. Qxe7+ Kxe7 29. Rdc4 Ke6 30. f4 Kf5 31. Rxc6 Rb7 32. Rd1 Ne7 33. Rcd6
Rdc7 34. Kg2 Rb6 35. Kf3 Nc8 36. R1d5 Rc1 37. e6+ Kf6 38. exf7+ {Tid} 1-0

[Event "Elit(LASK-Passanten)"]
[Site "?"]
[Date "2003.??.??"]
[Round "2"]
[White "Cramling, Dan"]
[Black "Nicklasson, Christer"]
[Result "0-1"]
[WhiteElo "2394"]
[BlackElo "2414"]
[PlyCount "100"]
[EventDate "2003.??.??"]

1. c4 f5 2. d4 Nf6 3. g3 g6 4. Bg2 Bg7 5. Nc3 O-O 6. Nh3 Nc6 7. d5 Ne5 8. b3 c5
9. O-O d6 10. Qc2 a6 11. a4 b6 12. Ng5 Rb8 13. f4 Neg4 14. h3 Nh6 15. Bb2 Ne8
16. e4 Bd4+ 17. Kh2 fxe4 18. Bxe4 Rf6 19. Rae1 Ng7 20. Nf3 Nhf5 21. Qd2 h5 22.
Nxd4 Nxd4 23. Ne2 Qd7 24. Bg2 Nxb3 25. Qd3 Nd4 26. Nxd4 cxd4 27. Bxd4 Rf5 28.
g4 hxg4 29. hxg4 Rf7 30. Bh3 Qxa4 31. Qxg6 Qxc4 32. Bxg7 Rxg7 33. Qe8+ Kh7 34.
Rxe7 Qc2+ 35. Re2 Qg6 36. Qxg6+ Kxg6 37. Kg3 Bd7 38. f5+ Kg5 39. Re6 Bxe6 40.
dxe6 Kf6 41. Kf4 Rc8 42. Re1 Rc4+ 43. Kf3 Rc3+ 44. Kg2 b5 45. e7 Rxe7 46. g5+
Kf7 47. g6+ Kf6 48. Rxe7 Kxe7 49. g7 Kf7 50. f6 Rxh3 0-1

[Event "Elit(LASK-Passanten)"]
[Site "?"]
[Date "2003.??.??"]
[Round "2"]
[White "Olsson, Linus"]
[Black "Andersson, Mats"]
[Result "1-0"]
[WhiteElo "2344"]
[BlackElo "2365"]
[PlyCount "141"]
[EventDate "2003.??.??"]

1. d4 d5 2. c4 c6 3. Nf3 Nf6 4. Nc3 dxc4 5. e4 b5 6. e5 Nd5 7. a4 e6 8. axb5
Nxc3 9. bxc3 cxb5 10. Ng5 Bb7 11. Qh5 g6 12. Qg4 Be7 13. h4 h5 14. Qf4 Bxg5 15.
hxg5 Nd7 16. Rh4 Qc7 17. g4 Qc6 18. Be2 Qe4 19. Qxe4 Bxe4 20. gxh5 Bb7 21. h6
a6 22. Ba3 Nb6 23. Kd2 Kd7 24. Rf4 Rh7 25. Rb1 Bc6 26. Rg4 Nd5 27. Bf3 Ne7 28.
Bd1 Nd5 29. Bc2 Nc7 30. Bd6 Nd5 31. Be4 Nb6 32. f3 Nd5 33. Ra1 Nb6 34. Rgg1 Nd5
35. Ra2 Rhh8 36. Rga1 Bb7 37. Ra5 Rh7 38. Bxd5 exd5 39. Rh1 Bc8 40. Bf8 Kc6 41.
Bg7 Be6 42. Bf6 Kb6 43. Rha1 Kb7 44. Kc2 Kb6 45. Kb2 Bf5 46. Be7 Be6 47. Bc5+
Kb7 48. Ka3 Rc8 49. Kb4 Rc6 50. Rh1 Bf5 51. Ra2 Be6 52. Rh4 Bf5 53. Rf4 Rc8 54.
Ka5 Re8 55. Rh2 Be6 56. Rf6 Rc8 57. Rh4 Rc6 58. Rhf4 Kc8 59. Bf8 Kd7 60. Bd6
Rxd6 61. exd6 Kxd6 62. Rh4 Rh8 63. Rh2 Ra8 64. Rf4 Ke7 65. Rfh4 Rh8 66. Kxa6
Kf8 67. Kxb5 Kg8 68. h7+ Kg7 69. Kc5 Rc8+ 70. Kd6 Kh8 71. Rb2 1-0

[Event "Elit(LASK-Passanten)"]
[Site "?"]
[Date "2003.??.??"]
[Round "2"]
[White "Sandstrom, Ludvig"]
[Black "Semcesen, Daniel"]
[Result "0-1"]
[WhiteElo "2405"]
[BlackElo "2299"]
[PlyCount "173"]
[EventDate "2003.??.??"]

1. Nf3 Nf6 2. c4 c6 3. d4 d5 4. Nc3 a6 5. c5 Nbd7 6. Bf4 Nh5 7. Bg5 h6 8. Bd2
Nhf6 9. h3 Qc7 10. g3 e5 11. dxe5 Nxe5 12. Nxe5 Qxe5 13. Bf4 Qe6 14. Na4 Nd7
15. Qc2 Be7 16. Bg2 Bg5 17. Bc7 O-O 18. O-O f5 19. Rad1 Bd8 20. Bxd8 Rxd8 21.
Rd4 Re8 22. e3 Nf6 23. Nb6 Rb8 24. b4 Bd7 25. Kh2 Re7 26. a4 Rf8 27. b5 axb5
28. axb5 Be8 29. bxc6 bxc6 30. Ra1 Bh5 31. Ra6 Qe5 32. Na4 Qe6 33. Nb2 Ne4 34.
Nd3 Rf6 35. Rb4 Bf7 36. Rb8+ Kh7 37. Rbb6 Be8 38. Ra8 Bd7 39. Qb2 Re8 40. Ra7
Rf7 41. Qd4 Kg8 42. Rbb7 g5 43. Kg1 Nf6 44. Nb4 Ree7 45. Nd3 Be8 46. Rxe7 Rxe7
47. Ra8 Kg7 48. Qb2 Bg6 49. Qb8 Re8 50. Ra7+ Re7 51. Ne5 Be8 52. Bf1 Rxa7 53.
Qxa7+ Nd7 54. Nf3 Qe7 55. Nd4 Kf8 56. Nxf5 Qxc5 57. Qa8 d4 58. Nxd4 Qe5 59. Bc4
c5 60. Qa3 Bf7 61. Bxf7 Kxf7 62. Qa2+ Kg7 63. Qe6 Qxe6 64. Nxe6+ Kf6 65. Nc7
Ke5 66. Kf1 Nf6 67. f3 Kd6 68. Nb5+ Ke5 69. Ke2 Nh5 70. g4 Nf6 71. Kd3 Nd5 72.
Na3 Nb4+ 73. Kc4 Nd5 74. Nc2 Kd6 75. Kd3 Ke5 76. Na3 Nb4+ 77. Kd2 Kd5 78. Kc3
Na2+ 79. Kb3 Nc1+ 80. Kc2 Ne2 81. Kd3 Ng1 82. f4 Nxh3 83. fxg5 Nxg5 84. Nc4 Nf7
85. e4+ Ke6 86. Ke3 Ne5 87. Nd2 {Tid} 0-1

[Event "Elit(LASK-Passanten)"]
[Site "?"]
[Date "2003.??.??"]
[Round "2"]
[White "Ikonic, Borislav"]
[Black "Larsson, Per"]
[Result "1-0"]
[WhiteElo "2280"]
[BlackElo "2345"]
[PlyCount "103"]
[EventDate "2003.??.??"]

1. e4 c5 2. Nf3 d6 3. d4 cxd4 4. Nxd4 Nf6 5. Bd3 Nc6 6. Nxc6 bxc6 7. O-O g6 8.
b3 Bg7 9. Bb2 O-O 10. Nd2 Qc7 11. Qe2 Bb7 12. f4 c5 13. Rae1 Rad8 14. c4 Qa5
15. Bb1 e6 16. Rf2 Rfe8 17. Ref1 d5 18. e5 Nd7 19. cxd5 exd5 20. Qg4 Ba6 21.
Rc1 Qb6 22. Nf3 Bc8 23. Qh4 Nf8 24. g4 d4 25. Bd3 Bb7 26. Re1 Qa5 27. Ra1 Ba6
28. Be4 Qb6 29. Re1 f6 30. exf6 Bxf6 31. Qg3 Bb7 32. Bd3 Rxe1+ 33. Nxe1 Re8 34.
Re2 Qc6 35. Bc4+ Kg7 36. Bd5 Rxe2 37. Bxc6 Bxc6 38. g5 Be7 39. Bc1 Ne6 40. a4
Bd5 41. Kf1 Re4 42. Qd3 Nxf4 43. Qb5 Kf7 44. a5 Be6 45. Nd3 Ne2 46. Qb7 Nc3 47.
Bf4 Bh3+ 48. Kf2 Re2+ 49. Kg3 Bg2 50. Qxa7 Ne4+ 51. Kh4 h6 52. Ne5+ 1-0

[Event "Elit(LASK-Passanten)"]
[Site "?"]
[Date "2003.??.??"]
[Round "2"]
[White "Sanden, Stefan"]
[Black "Johnson, Bjorn"]
[Result "0-1"]
[WhiteElo "2322"]
[BlackElo "2259"]
[PlyCount "92"]
[EventDate "2003.??.??"]

1. e4 e6 2. d4 d5 3. Nc3 Bb4 4. e5 c5 5. a3 Bxc3+ 6. bxc3 Qc7 7. Qg4 f5 8. Qg3
cxd4 9. cxd4 Ne7 10. h4 Qxc2 11. Bd2 Nbc6 12. Nf3 Qe4+ 13. Be3 O-O 14. Ng5 Qg4
15. Bd3 Qxg3 16. fxg3 Bd7 17. Rb1 Rab8 18. Ke2 Rfc8 19. Rhc1 Rc7 20. Rc2 Nc8
21. Kf3 Nb6 22. g4 h6 23. Nh3 fxg4+ 24. Kxg4 Nc4 25. Bxc4 dxc4 26. Nf2 Be8 27.
h5 g6 28. Kh3 Ne7 29. Ne4 Nd5 30. Bxh6 gxh5 31. Re2 Bg6 32. Rf1 Bxe4 33. Rxe4
b5 34. Kh4 a5 35. Kxh5 Kh7 36. Bf8 Rcc8 37. Bd6 Rb7 38. Rf6 Rg7 39. g4 c3 40.
Re1 c2 41. Bc5 b4 42. axb4 axb4 43. g5 Rxc5 44. dxc5 b3 45. Rf2 Ne3 46. c6 Nd1
0-1

[Event "Elit(LASK-Passanten)"]
[Site "?"]
[Date "2003.??.??"]
[Round "2"]
[White "Olsson, Tomas"]
[Black "Burwick, Malte"]
[Result "1/2-1/2"]
[WhiteElo "2231"]
[BlackElo "2255"]
[PlyCount "98"]
[EventDate "2003.??.??"]

1. e4 g6 2. d4 Bg7 3. c4 d6 4. Nc3 Nf6 5. f3 O-O 6. Be3 e5 7. Nge2 c6 8. Qd2
Nbd7 9. d5 cxd5 10. Nxd5 Nxd5 11. Qxd5 Nb6 12. Qb5 Bh6 13. Bf2 Be6 14. Nc3 Rc8
15. b3 Nd7 16. Rd1 a6 17. Qb4 Nc5 18. Be2 b5 19. Nd5 f5 20. O-O fxe4 21. cxb5
exf3 22. Bxf3 axb5 23. Bg4 Bxg4 24. Qxg4 Qg5 25. Qe2 Bg7 26. Be3 Qh4 27. g3 Qd8
28. Qg4 Ra8 29. Bg5 Qd7 30. Qh4 Rxf1+ 31. Rxf1 Rxa2 32. Ne7+ Kh8 33. Nxg6+ Kg8
34. Ne7+ Kh8 35. Bf6 Qe6 36. Qh6 Qxf6 37. Rxf6 Bxh6 38. Rxh6 Kg7 39. Rxd6 Ne4
40. Rb6 Nd2 41. Rxb5 e4 42. Nf5+ Kf6 43. h4 Nxb3 44. g4 Nc1 45. Ne3 Ne2+ 46.
Kf1 Ng3+ 47. Kg1 Ne2+ 48. Kf1 Ng3+ 49. Kg1 Ne2+ 1/2-1/2

[Event "Elit(Schack08-Rockaden)"]
[Site "?"]
[Date "2003.??.??"]
[Round "2"]
[White "Nielsen, Peter Heine"]
[Black "Renman, Nils-Gustaf"]
[Result "1-0"]
[WhiteElo "2686"]
[BlackElo "2416"]
[PlyCount "69"]
[EventDate "2003.??.??"]

1. d4 e6 2. c4 f5 3. g3 Nf6 4. Bg2 c6 5. Nd2 d5 6. Nh3 Bd6 7. O-O O-O 8. Nf3
Nh5 9. Ne5 Qe8 10. Nf4 Nxf4 11. Bxf4 Nd7 12. Ng6 Qxg6 13. Bxd6 Rf7 14. Rc1 Nb6
15. b3 Bd7 16. Qd2 Be8 17. Qb4 Qf6 18. Be5 Qd8 19. Qd2 Rd7 20. Qe3 Bh5 21. Bf3
Bxf3 22. exf3 Rf7 23. Rfe1 Qd7 24. c5 Nc8 25. Bf4 Rf6 26. Bg5 Rg6 27. f4 h6 28.
h4 hxg5 29. fxg5 e5 30. Qxe5 Kf7 31. f4 Ne7 32. h5 Re6 33. g6+ Nxg6 34. Qxf5+
Ke7 35. Qxg6 1-0

[Event "Elit(Schack08-Rockaden)"]
[Site "?"]
[Date "2003.??.??"]
[Round "2"]
[White "Ingbrandt, Johan"]
[Black "Barkhagen, Jonas"]
[Result "1-0"]
[WhiteElo "2467"]
[BlackElo "2563"]
[PlyCount "87"]
[EventDate "2003.??.??"]

1. d4 Nf6 2. c4 e6 3. Nc3 Bb4 4. e3 c5 5. Nge2 d5 6. a3 Bxc3+ 7. Nxc3 cxd4 8.
exd4 dxc4 9. Bxc4 Nc6 10. Be3 O-O 11. O-O b6 12. Qf3 Bb7 13. Bd3 Qd7 14. Qg3
Ne7 15. Rad1 Nfd5 16. Bg5 Rac8 17. Nxd5 Bxd5 18. Rfe1 Ng6 19. h4 f6 20. Bd2 Qc7
21. Qg4 f5 22. Qg5 Qd8 23. Rc1 Qxg5 24. Bxg5 h6 25. h5 hxg5 26. hxg6 Ra8 27.
Rc7 Rf6 28. Re5 g4 29. Rd7 Ba2 30. d5 Bxd5 31. Bxf5 exf5 32. Rexd5 Rxg6 33.
Rxf5 Rc8 34. g3 a5 35. Rd4 Rc2 36. b4 axb4 37. axb4 Rcc6 38. Rff4 Rc1+ 39. Kg2
Rc3 40. Rxg4 Rxg4 41. Rxg4 Kf7 42. Re4 Rb3 43. f4 Kf6 44. Kh3 1-0

[Event "Elit(Schack08-Rockaden)"]
[Site "?"]
[Date "2003.??.??"]
[Round "2"]
[White "Karlsson, Tomas"]
[Black "Olsson, Anders"]
[Result "1/2-1/2"]
[WhiteElo "2297"]
[BlackElo "2500"]
[PlyCount "103"]
[EventDate "2003.??.??"]

1. e4 e6 2. d4 d5 3. Nc3 Bb4 4. e5 c5 5. a3 Bxc3+ 6. bxc3 Ne7 7. Qg4 O-O 8. Bd3
Nbc6 9. Nf3 f5 10. exf6 Rxf6 11. Bg5 e5 12. Qh4 e4 13. Bxf6 gxf6 14. Qxf6 exd3
15. cxd3 Bf5 16. Qg5+ Kh8 17. Qf6+ Kg8 18. Qg5+ Kf7 19. O-O cxd4 20. cxd4 Qd6
21. Rfe1 Rg8 22. Qe3 Qg6 23. g3 Bxd3 24. Ne5+ Nxe5 25. dxe5 Be4 26. f3 Bf5 27.
Qxa7 h5 28. e6+ Bxe6 29. Qxb7 h4 30. g4 Qf6 31. Ra2 Qd4+ 32. Rf2 Rc8 33. Qb2
Qxb2 34. Rxb2 d4 35. Rd2 Rc4 36. Kf2 Nc6 37. Rb1 Rc3 38. Rb5 Ke7 39. Rh5 Rxa3
40. Rxh4 Bd5 41. Rh3 Kd6 42. Rg3 Kc5 43. f4 Rc3 44. h4 Nd8 45. f5 Nf7 46. Rgd3
Rc4 47. Kg3 Ne5 48. Ra3 d3 49. Raxd3 Rxg4+ 50. Kh3 Bg2+ 51. Rxg2 Rxg2 52. Kxg2
1/2-1/2

[Event "Elit(Schack08-Rockaden)"]
[Site "?"]
[Date "2003.??.??"]
[Round "2"]
[White "Wiedenkeller, Michael"]
[Black "Ottenklev, Niclas"]
[Result "1-0"]
[WhiteElo "2517"]
[BlackElo "2230"]
[PlyCount "83"]
[EventDate "2003.??.??"]

1. d4 f5 2. c4 g6 3. Nc3 Nf6 4. g3 Bg7 5. Bg2 O-O 6. Nf3 d6 7. O-O Qe8 8. d5 a5
9. Nd4 Na6 10. e4 fxe4 11. Nxe4 Nxe4 12. Bxe4 Bh3 13. Bg2 Bxg2 14. Kxg2 Nc5 15.
Nb3 Nxb3 16. Qxb3 Rb8 17. a4 e5 18. Bd2 b6 19. Rae1 Qd7 20. Re4 Rf7 21. f3 Rbf8
22. h4 Qd8 23. Qd3 Kh8 24. Bc3 Bh6 25. c5 dxc5 26. Bxe5+ Bg7 27. f4 Rd7 28. Rd1
Re8 29. Re2 Rde7 30. Rde1 Qd7 31. b3 Kg8 32. Qc4 Kh8 33. Kh2 h5 34. Bxg7+ Kxg7
35. Re5 Rxe5 36. fxe5 Qf5 37. Qe2 Rd8 38. Rf1 Qg4 39. Qf2 Qd7 40. e6 Qe7 41.
Qb2+ Kh6 42. Rf7 1-0